Electromechanical energy conversion (Record no. 7935)

000 -LEADER
fixed length control field 00468nam a22001817a 4500
001 - CONTROL NUMBER
control field 7935
003 - CONTROL NUMBER IDENTIFIER
control field BD-DhUET
008 - FIXED-LENGTH DATA ELEMENTS--GENERAL INFORMATION
fixed length control field 141214b xxu||||| |||| 00| 0 eng d
040 ## - CATALOGING SOURCE
Original cataloging agency DLC
Transcribing agency DLC
Modifying agency BD-DhUET
082 ## - DEWEY DECIMAL CLASSIFICATION NUMBER
Classification number 623.13
Item number GOU/1965
100 ## - MAIN ENTRY--PERSONAL NAME
Personal name Gourishankar, Vembu
245 ## - TITLE STATEMENT
Title Electromechanical energy conversion
250 ## - EDITION STATEMENT
Edition statement 1st ed.
260 ## - PUBLICATION, DISTRIBUTION, ETC. (IMPRINT)
Place of publication, distribution, etc. Scranton
Name of publisher, distributor, etc. International textbook
Date of publication, distribution, etc. 1965
300 ## - PHYSICAL DESCRIPTION
Extent xviii, 564p.
Other physical details ill.
650 #0 - SUBJECT ADDED ENTRY--TOPICAL TERM
Topical term or geographic name as entry element Electric machinery
942 ## - ADDED ENTRY ELEMENTS (KOHA)
Koha item type General Book
Holdings
Price effective from Koha date last seen Koha full call number Damaged status Not for loan Piece designation (barcode) Shelving location Location (home branch) Sublocation or collection (holding branch) Copy number Source of classification or shelving scheme Koha normalized classification for sorting Withdrawn status Date acquired Lost status Koha item type
2014-12-142014-12-14623.13/GOU/1965  16494Circulation sectionCentral Library, BUETCentral Library, BUET1 623_130000000000000_GOU_1965 2014-12-14 General Book
2015-05-032015-05-03623.13/GOU/1965  19014Circulation sectionCentral Library, BUETCentral Library, BUET2 623_130000000000000_GOU_1965 2015-05-03 General Book
2015-05-032015-05-03623.13/GOU/1965  16493Circulation sectionCentral Library, BUETCentral Library, BUET3 623_130000000000000_GOU_1965 2015-05-03 General Book
2015-05-032015-05-03623.13/GOU/1965  16492Circulation sectionCentral Library, BUETCentral Library, BUET4 623_130000000000000_GOU_1965 2015-05-03 General Book
2015-05-032015-05-03623.13/GOU/1965  16496Circulation sectionCentral Library, BUETCentral Library, BUET5 623_130000000000000_GOU_1965 2015-05-03 General Book
2015-05-032015-05-03623.13/GOU/1965  16495Circulation sectionCentral Library, BUETCentral Library, BUET6 623_130000000000000_GOU_1965 2015-05-03 General Book
2015-07-122015-07-12623.13/GOU/1965  26524Circulation sectionCentral Library, BUETCentral Library, BUET7 623_130000000000000_GOU_1965 2015-07-12 General Book